| 000 | 00920cam a22002657i 4500 | ||
|---|---|---|---|
| 001 | 15334482 | ||
| 003 | OSt | ||
| 005 | 20240621130513.0 | ||
| 008 | 080618t20092009ne a b 000 0 eng | ||
| 010 | _a 2008931411 | ||
| 015 |
_aGBA890990 _2bnb |
||
| 016 | 7 |
_a014674277 _2Uk |
|
| 020 | _a9781402088865 | ||
| 040 |
_aDDC _cMUST |
||
| 082 | 0 | 4 |
_a530.13 JOU 2009 _222 |
| 100 | 1 |
_aFröhlich, Jürg. _917591 |
|
| 245 | 1 | 2 |
_aA journey through statistical physics : _bfrom foundations to the quantum hall effect : selecta of Jürg Fröhlich / _cEited by G. Felder, G.M. Graf and K. Hepp. |
| 260 |
_aLondon _bSpringer _cc2009 |
||
| 300 |
_alxxvii, 857p. : _bill; _c24 cm |
||
| 504 | _aIncludes bibliographical references | ||
| 650 | 0 |
_aStatistical physics. _98058 |
|
| 650 | 7 |
_aStatistical physics. _2fast _0(OCoLC)fst01132076 _98058 |
|
| 700 | 1 |
_aFelder, Giovanni, Graf, G. M. and Hepp, Klaus _917592 |
|
| 942 |
_2ddc _cO_SHELF |
||
| 999 |
_c8700 _d8700 |
||